000 00232nam a22001097a 4500
041 _aENG
245 _aReliance Review Of Energy Markets
260 _aDelhi
_bReliance
_c2002
300 _a390
650 _aEOES (12)
856 _uEOES
999 _c2696
_d2696